000 00443nam a22001577a 4500
005 20251108165937.0
008 250721s1998 xx 000 0 ara d
082 1 4 _a658/حسن
100 1 _aحسن، عادل
245 1 0 _aالإدارة :
_bمدخل الحالات /
264 1 _aالاسنكدرية :
_bمؤسسة شباب الجامعة،
_c1998.
300 _a531ص
650 1 7 _aالإدارة
942 _2ddc
_cBK
999 _c35488
_d35488